000 00930nam a2200217 a 4500
001 71426
003 BD-RjUL
005 20211209082118.0
008 170503s1994 xxua|||| |||| 00| 0 eng d
035 _a(BD-RjUL)71642
040 _aBD-RjUL
_bben
_cBD-RjUL
_dBD-RjUL
041 _aben
082 _223
_a615.853
_bDEJ 1994
100 _aডে গুজমান-লোডিং, হেড়মিনিয়া
_9211335
245 _aজল-চিকাৎসার অপূর্ব বিধান /
_cহেড়মিনিয়া ডে গুজমান-লোডিং
260 _aঢাকা :
_bবাংলাদেশ এ্যাডভেন্টিষ্ট পাবলিসিং হাউজ,
_c১৯৯৪.
300 _a১২০ পৃ :
_bচিত্র ;
_c২০ সেমি.
650 _aহাইড্রোথেরাপি
_9211336
650 _aHydrotherapy
_9161957
942 _2ddc
_cBK
999 _c71426
_d71426